Statistics for Lesser Known Chemical Elements (Quiz for April 1)

Click here to take the quiz!

General Stats

  • This quiz has been taken 18 times
  • The average score is 10 of 12

Answer Stats

SymbolHintAnswer% Correct
AfNamed for the day of its discovery, the first day of April.April_Fools! ...ium
100%
BuDiscovered by Homer Simpson at the Springfield Nuclear Power Plant. Named for the owner of the plant. Responsible for a new species of three-eyed fish.Burnsium
94%
SwDiscovered at CERN by a team from ETH Zurich and named for their country.Switzerlandium
94%
TpDiscovered at the Eindhoven University of Technology and named for the country's national flower.Tulipium
94%
UkDiscovered at the ruins of the Chernobyl nuclear reactor. Named after its country.Ukrainium
94%
VuDiscovered on and named for Mr. Spock's home planet. Used in the production of rubber.Vulcanium
94%
BtUseful in crime fighting and an integral item in the Cape Crusader's utility belt.Batmanium
88%
OxIts existence was postulated by Steven Hawking. Discovered after his death, it was named for his alma mater.Oxfordium
88%
WaDiscovered at the Hanford nuclear processing site and named for its state on the Pacific coast.Washingtonium
88%
QDiscovered in a meteorite by astrophysicist Brian May and named for the band for which he played lead guitar.Queenium
81%
PiDiscovered at Carnegie Mellon University and named after its city.Pittsburghium
75%
SkDiscovered in Krakow at AGH University of Science and Technology. It was named in honor of Marie Curie. However, they used her Polish maiden name.Skłodowskium
38%

Score Distribution

Percentile by Number Answered

Percent of People with Each Score

Your Score History

You have not taken this quiz